书目信息 |
| 题名: |
食管反流与呼吸道疾病
|
|
| 作者: | 汪忠镐 主编 | |
| 分册: | ||
| 出版信息: | 北京 人民卫生出版社 2010.08 |
|
| 页数: | 247页 | |
| 开本: | 21cm | |
| 丛书名: | ||
| 单 册: | ||
| 中图分类: | R560.4 , R571 | |
| 科图分类: | ||
| 主题词: | 消化系统疾病 , 腹腔疾病 | |
| 电子资源: | ||
| ISBN: | 978-7-117-13139-1 | |
| 000 | 00720nam0 2200229 450 | |
| 001 | 1134670297 | |
| 005 | 20110914094027.67 | |
| 010 | @a978-7-117-13139-1@dCNY52.00 | |
| 100 | @a20110914d2010 km y0chiy0120 ea | |
| 101 | 0 | @achi |
| 102 | @aCN@b110000 | |
| 200 | 1 | @a食管反流与呼吸道疾病@Ashi guan fan liu yu hu xi dao ji bing@e胃食管喉气管综合征@f汪忠镐主编@Fwang zhong gao zhu bian |
| 210 | @a北京@c人民卫生出版社@d2010.08 | |
| 215 | @a247页@d21cm | |
| 517 | 1 | @a胃食管喉气管综合征@Awei shi guan hou qi guan zong he zheng |
| 606 | 0 | @a消化系统疾病 |
| 606 | 0 | @a腹腔疾病 |
| 690 | @aR560.4@v4 | |
| 690 | @aR571@v5 | |
| 701 | 0 | @a汪忠镐@Awang zhong gao@4主编 |
| 801 | 0 | @aCN@bNISOFT@c20110914 |
| 905 | @aBZT@dR571@e2 | |
| 食管反流与呼吸道疾病:胃食管喉气管综合征/汪忠镐主编.-北京:人民卫生出版社,2010.08 |
| 247页;21cm |
| ISBN 978-7-117-13139-1:CNY52.00 |
| ● |
| 相关链接 |
|
|
|
正题名:食管反流与呼吸道疾病
索取号:R571/2
 
预约/预借
| 序号 | 登录号 | 条形码 | 馆藏地/架位号 | 状态 | 备注 |
| 1 | 793945 | 2000793945 | 样本书库/样003架A面4层3列/ [索取号:R571/2] | 在馆 | |
| 2 | 793946 | 2000793946 | 中心书库中库/ 中库010架A面2列3层14/ [索取号:R571/2] | 在馆 | |
| 3 | 793947 | 2000793947 | 中心书库中库/ 中库010架A面2列3层11/ [索取号:R571/2] | 在馆 | |
| 4 | 793948 | 2000793948 | 中心书库中库/ 中库010架A面2列3层13/ [索取号:R571/2] | 在馆 | |
| 5 | 793949 | 2000793949 | 中心书库中库/ 中库010架A面2列3层12/ [索取号:R571/2] | 在馆 | |
| 6 | 793950 | 2000793950 | 中心书库中库/ 中库010架A面4列3层9/ [索取号:R571/2] | 在馆 |